| 000 | 00601nam a2200121Ia 4500 | ||
|---|---|---|---|
| 008 | 220615s9999||||xx |||||||||||||| ||und|| | ||
| 100 | _aSuspitsyna, Tatiana | ||
| 245 | 0 | _aAdaptation of Western Economics by Russian Universities | |
| 546 | _aEnglish[eng] | ||
| 650 | _aintercultural||travel||moscow||state||university||world||academic||community||higher||education | ||
| 856 | _uhttps://library.oapen.org/bitstream/20.500.12657/24313/1/1005818.pdf||https://library.oapen.org/bitstream/20.500.12657/24313/1/1005818.pdf||https://library.oapen.org/bitstream/20.500.12657/24313/1/1005818.pdf | ||
| 942 | _cEB | ||
| 999 |
_c15588 _d15588 |
||